Deutsche Großstädte – Sudden Death - Statistiken

Allgemein
  • Dieses Quiz wurde 52.259 mal gespielt
  • Das Durchschnittsergebnis liegt bei 13 aus 20
Answers on the Grid
Answers color-coded by a green-red scale on the quiz's grid according to % correct below.
Hamburg
Dresden
Wuppertal
Augsburg
Bielefeld
Krefeld
Kassel
Rostock
Bremen
Duisburg
Aachen
Freiburg
Mainz
Lübeck
Potsdam
Münster
Mannheim
Stuttgart
Nürnberg
Braunschweig
Lüneburg
Rottweil
Gießen
Lindau
Weimar
Greifswald
Hameln
Rosenheim
Flensburg
Emden
 
Antwortstatistiken
Antwort % Korrekt
Hamburg
81%
Stuttgart
79%
Bremen
78%
Dresden
78%
Nürnberg
76%
Mainz
72%
Duisburg
69%
Mannheim
69%
Augsburg
68%
Aachen
65%
Freiburg
65%
Bielefeld
64%
Münster
63%
Potsdam
62%
Rostock
62%
Braunschweig
59%
Kassel
56%
Wuppertal
55%
Lübeck
46%
Krefeld
34%
Keine übereinstimmenden Quizze gefunden
Verteilung der Resultate
Anzahl Personen mit jedem Resultat
Perzentil nach korrekt beantworteten Fragen
Ihre Resultats-Entwicklung
Sie haben dieses Quiz noch nicht gespielt